00484nam a2200157Ia 4500100002400000942000700024654000900031245003600040260001800076082001300094300000800107546001200115999001700127952009100144952009100235 aStallings/ William  cBK adata aData and computer communication bPearsonc2000 a4.6bSTA a805 aENGLISH c30005d30005 001040708CRCaCRCEbCRCEd2023-03-17l0o4.6 STAp12581r2023-03-17w2023-03-17yBK 001040708CRCaCRCEbCRCEd2023-03-17l0o4.6 STAp12582r2023-03-17w2023-03-17yRB